Elektronické a mikroelektronické prvky. Čast II. Diel 1. Výkonový unipolárny tranzistor. Diel 2. Optoelektronické prvky. Diel 3. Kvapalné kryštály. Diel 4. Obrázková príloha /
Saved in:
| Main Author: | |
|---|---|
| Other Authors: | |
| Format: | Book |
| Language: | Slovak |
| Published: |
Bratislava :
Slovenská technická univerzita v Bratislave,
2001
|
| Edition: | 3. vyd. |
| Subjects: | |
| ISBN: | 8022714968 |
| Online Access: |
|
| Tags: |
Add Tag
No Tags, Be the first to tag this record!
|
MARC
| LEADER | 00000nam a2200000 4500 | ||
|---|---|---|---|
| 003 | SK-BrCVT | ||
| 005 | 20220617210201.0 | ||
| 008 | 010601s2001 xo e ||||||slo d | ||
| 020 | |a 8022714968 | ||
| 035 | |a CVTIDW0958883 | ||
| 040 | |b slo |a CVTI SR | ||
| 041 | 0 | |a slo | |
| 044 | |a xo | ||
| 080 | |a 621.382.3 |2 UDC-MRF | ||
| 080 | |a 621.316 |2 UDC-MRF | ||
| 080 | |a 621.385 |2 UDC-MRF | ||
| 100 | 1 | |a Csabay, Otto | |
| 245 | 1 | 0 | |a Elektronické a mikroelektronické prvky. Čast II. Diel 1. Výkonový unipolárny tranzistor. Diel 2. Optoelektronické prvky. Diel 3. Kvapalné kryštály. Diel 4. Obrázková príloha / |c Otto Csabay, Milan Žiška |
| 250 | |a 3. vyd. | ||
| 260 | |a Bratislava : |b Slovenská technická univerzita v Bratislave, |c 2001 | ||
| 300 | |a 81 s. : |b grafy, lit., obr. ; | ||
| 500 | |a Fakulta elektrotechniky a informatiky Slovenskej technickej univerzity v Bratislave | ||
| 655 | 4 | |a skriptá | |
| 700 | 1 | |a Žiška, Milan | |
| 910 | |b S577821 - S577830 |b S577896 | ||
| 919 | |a 80-227-1496-8 | ||
| 974 | |f Knihy | ||
| 992 | |a ASK | ||
| 999 | |c 123773 |d 123773 | ||

